000 00809nam a2200205Ii 4500
003 JO-AjNU
008 230605s9999||||xx |||||||||||||| ||und||
040 _aJO-AjNU
_bara
_erda
_cJO-AjNU
041 _aara
050 1 4 _aJX1245.A22 2002
100 3 _aخضير، عبد الكريم علون ,
_eauthor
_925872
245 0 0 _aالوسيط في القانون الدولي العام : الكتاب الأول " المبادئ العامة
250 _aط1 الاصدار الثاني
264 3 1 _aعمان : الدار العلمية الدولية - دار الثقافة ، 2002
300 _aالكتاب الاول، 380ص
336 _atext
_btxt
_2rdacontent
337 _aunmediated
_bn
_2rdamedia
338 _avolume
_bnc
_2rdacarrier
650 4 _aالقانون الدولي العام
_925873
999 _aA9733
_c13301
_d13301